Taylor Swift - guess the song with a random verse #4 - Statistics

General Stats
  • This quiz has been taken 37 times
  • The average score is 6 of 10
Answer Stats
Hint Answer % Correct
Tonight's the night when we forget about the heartbreaks 22
83%
It must have been her fault his heart gave out the last great american dynasty
67%
No cameras catch my pageant smile Miss Americana & the Heartbreak Prince
63%
And all my single friends are jealous The way I loved you
63%
When your impressionist paintings of Heaven turned out to be fakes loml
60%
And his voice is a familiar sound Wildest dreams
60%
And the voices that implore, "You should be doin' more" Sweet nothing
50%
I wonder if he knows he's all I think about at night Teardrops on my guitar
50%
Turns out her heart fits right in the palm of his hand When Emma falls in love
47%
The truth is, it's easier to ignore it, believe me End Game
33%
No matching quizzes found
Score Distribution
Percent of People with Each Score
Percentile by Number Answered
Your Score History
You have not taken this quiz